[Event "18th American Continental"]
[Site "Foz do Iguacu BRA"]
[Date "2025.05.31"]
[Round "11.42"]
[White "Azevedo Junior, Jose Ferreira"]
[Black "Toniutti, Ezio"]
[Result "0-1"]
[BlackTitle "FM"]
[WhiteElo "2102"]
[BlackElo "2215"]
[WhiteFideId "2127326"]
[BlackFideId "113034"]
[EventDate "2025.05.23"]

1. d4 d5 2. Nf3 Nf6 3. g3 c6 4. Bg2 Bg4 5. O-O e6 6. b3 Nbd7 7. Bb2 h6 8. Nbd2
Be7 9. c4 O-O 10. Re1 Bf5 11. Ne5 a5 12. e4 dxe4 13. Nxe4 Nxe4 14. Bxe4 Bxe4 15.
Rxe4 a4 16. Nxd7 Qxd7 17. Qe2 axb3 18. axb3 Rxa1+ 19. Bxa1 Ra8 20. Bc3 Bf6 21.
Qb2 b5 22. Re1 Rd8 23. cxb5 cxb5 24. Rd1 b4 25. Bxb4 Bxd4 26. Qd2 Qb7 27. Rf1
Qf3 28. Bc5 Qxb3 29. Bxd4 Qa4 30. Be3 Rxd2 31. Bxd2 Qc2 32. Be3 Qe4 33. Rd1 e5
34. Re1 Kh7 35. Bd2 Qd4 36. Be3 Qd5 37. Rc1 f5 38. Rc5 Qe4 39. Rc7 f4 40. gxf4
exf4 41. Bxf4 Qxf4 42. Rc3 h5 43. Re3 Qg4+ 44. Kf1 h4 45. h3 Qg5 46. Rf3 Kh6 47.
Re3 Kh5 48. Re4 Qd5 49. Re3 g5 50. Kg1 Kg6 51. Re8 Qc6 52. Re5 Qa8 53. Re7 Kf6
54. Re2 Kf5 55. Re7 g4 56. Re3 g3 57. Rb3 Qa4 58. Rd3 Kf4 59. fxg3+ hxg3 60. Rd8
Qa7+ 0-1

[Event "18th American Continental"]
[Site "Foz do Iguacu BRA"]
[Date "2025.05.31"]
[Round "11.43"]
[White "Tomiello, Mateus Costamilan"]
[Black "Becker, Rogerio Sperb"]
[Result "1-0"]
[WhiteTitle "FM"]
[WhiteElo "2199"]
[BlackElo "2111"]
[WhiteFideId "22701958"]
[BlackFideId "22767797"]
[EventDate "2025.05.23"]

1. e4 c6 2. d4 d5 3. e5 c5 4. dxc5 e6 5. Qg4 Nd7 6. Nf3 Nxc5 7. Be2 Ne7 8. O-O
h5 9. Qf4 Ng6 10. Qe3 Be7 11. c4 dxc4 12. Na3 Bd7 13. Rd1 Qc7 14. Nxc4 Bc6 15.
Nd4 O-O-O 16. Bd2 Nd7 17. Ba5 b6 18. Nxc6 Qxc6 19. Bf3 Qb5 20. a4 Qa6 21. b4
Ndxe5 22. Nxe5 Nxe5 23. Rac1+ Bc5 24. Qxe5 Rxd1+ 25. Bxd1 Rd8 26. Be2 Qb7 27.
Rxc5+ bxc5 28. Qxc5+ 1-0

[Event "18th American Continental"]
[Site "Foz do Iguacu BRA"]
[Date "2025.05.31"]
[Round "11.45"]
[White "Arias Diaz, Miguel Angel"]
[Black "Montevilla Cahuasa, Jonathan I."]
[Result "0-1"]
[BlackTitle "CM"]
[WhiteElo "2176"]
[BlackElo "2022"]
[WhiteFideId "3432742"]
[BlackFideId "3322220"]
[EventDate "2025.05.23"]

1. d4 Nf6 2. c4 g6 3. Nc3 d5 4. Nf3 Bg7 5. h4 dxc4 6. e4 c5 7. d5 b5 8. h5 Nxh5
9. Nxb5 Qa5+ 10. Nc3 Nd7 11. Qc2 Rb8 12. Bxc4 Ba6 13. Bxa6 Qxa6 14. Ne2 O-O 15.
O-O Rfe8 16. Nc3 Ne5 17. Nxe5 Bxe5 18. g3 Qf6 19. Kg2 g5 20. Qe2 Qg6 21. Re1 Kh8
22. Qg4 Rg8 23. Qf5 Qxf5 24. exf5 f6 25. Ne4 Bxb2 26. Bxb2 Rxb2 27. Nxc5 Ng7 28.
g4 Rd2 29. Rxe7 Rxd5 30. Ne4 Rd4 31. Nxf6 Rf8 32. Rc1 h5 33. Rc6 hxg4 34. Rxa7
Rf4 35. Nd7 R8xf5 36. Rh6+ Kg8 37. Ra8+ Kf7 38. Rf8+ Ke7 0-1

[Event "18th American Continental"]
[Site "Foz do Iguacu BRA"]
[Date "2025.05.31"]
[Round "11.46"]
[White "Quintiliano, Renato R."]
[Black "Donoso Simonetti, Alvaro Matias"]
[Result "1-0"]
[WhiteTitle "GM"]
[WhiteElo "2511"]
[BlackElo "1935"]
[WhiteFideId "2117568"]
[BlackFideId "5198194"]
[EventDate "2025.05.23"]

1. d4 d5 2. c4 c6 3. Nc3 Nf6 4. e3 e6 5. Nf3 Nbd7 6. Be2 Be7 7. O-O O-O 8. a4 b6
9. a5 Ba6 10. axb6 axb6 11. Rxa6 Rxa6 12. cxd5 Ra8 13. dxe6 fxe6 14. Ng5 Re8 15.
Nxe6 Qb8 16. Bc4 Kh8 17. Ng5 b5 18. Bb3 Rf8 19. Nf7+ Kg8 20. Ng5+ Kh8 21. e4 b4
22. Ne2 Ng4 23. Ng3 Bxg5 24. Bxg5 Ngf6 25. e5 Nd5 26. Qg4 Qe8 27. Bc2 Ra7 28.
Qh3 g6 29. Ne4 Nxe5 30. dxe5 Qxe5 31. Bh6 Nf4 32. Qe3 Rff7 33. Bxf4 Qxf4 34. Ng5
Qxe3 35. Nxf7+ 1-0